|
|
|
|
| LEADER |
02148nam a22004454a 4500 |
| 001 |
45748 |
| 003 |
BD-DhAAL |
| 005 |
20260512134428.0 |
| 008 |
260512t20071893nyu b 000 0 eng |
| 010 |
|
|
|a 2004056206
|
| 020 |
|
|
|a 0231118600
|
| 020 |
|
|
|a 9780231118606
|
| 020 |
|
|
|a 9780231138048
|
| 035 |
|
|
|a 13689164
|
| 040 |
|
|
|a DLC
|c DLC
|d DLC
|d BD-DhAAL
|
| 041 |
1 |
|
|a eng
|h jpn
|
| 042 |
|
|
|a pcc
|
| 050 |
0 |
0 |
|a PL782.E1
|b C55 2005
|
| 082 |
0 |
0 |
|a 895.64408
|2 22
|
| 245 |
0 |
4 |
|a The Columbia anthology of modern Japanese literature.
|n volume 2 :
|p from 1945 to the present /
|c edited by J. Thomas Rimer and Van C. Gessel ; with additional selections by Amy Vladeck Heinrich and Hiroaki Sato, Poetry editors.
|
| 246 |
3 |
0 |
|a Modern Japanese literature
|
| 246 |
|
3 |
|a The Columbia anthology of modern Japanese literature.
|n Volume 2
|
| 260 |
|
|
|a New York, N.Y. :
|b Columbia University Press,
|c c2005-
|
| 300 |
|
|
|a xvi, 841 pages ;
|c 25 cm
|
| 490 |
1 |
|
|a Modern Asian literature
|
| 504 |
|
|
|a Includes bibliographical references.
|
| 505 |
1 |
|
|a v. 1. From restoration to occupation, 1868-1945
v. 2 : From 1945 to the present
|
| 526 |
|
|
|a AAL
|
| 541 |
|
|
|a Donated by Embassy of Japan in Bangladesh, Read Japan Project 2025, The Tokyo Foundation, supported by The Nippon Foundation.
|e 45748
|
| 650 |
|
0 |
|a Japanese literature
|y 1868-
|v Translations into English.
|9 60664
|
| 650 |
|
0 |
|a Japanese literature.
|
| 700 |
1 |
|
|a Rimer, J. Thomas.
|9 60665
|
| 700 |
1 |
|
|a Gessel, Van C.
|9 60666
|
| 700 |
1 |
|
|a Heinrich, Amy Vladeck.
|9 60667
|
| 700 |
1 |
|
|a Sato, Hiroaki.
|9 60668
|
| 830 |
|
0 |
|a Modern Asian literature
|9 60663
|
| 852 |
1 |
|
|a Ayesha Abed Library
|c General Stacks
|
| 942 |
|
|
|2 ddc
|c BK
|
| 999 |
|
|
|c 47929
|d 47929
|
| 952 |
|
|
|0 0
|1 0
|2 ddc
|4 0
|6 895_644080000000000_COL
|7 0
|9 79186
|a BRACUL
|b BRACUL
|d 2026-05-12
|e Donated by Embassy of Japan in Bangladesh, Read Japan Project 2025, The Tokyo Foundation, supported by The Nippon Foundation.
|l 0
|o 895.64408 COL
|p 3010045748
|r 2026-05-12
|t 1
|w 2026-05-12
|y BK
|x Donated copy received from Embassy of Japan in Bangladesh, Read Japan Project 2025, The Tokyo Foundation, supported by The Nippon Foundation on 08 April 2026; $165.53
|